| 000 | 01356nam0a2200325 i 4500 | ||
|---|---|---|---|
| 001 | RU\NLR\BIBL_A\011136074 | ||
| 005 | 20241114191754.0 | ||
| 010 |
_a9785438609056 _9500 |
||
| 021 |
_aRU _b2016-38839 _92495 |
||
| 035 | _a(NILC)RuMoRGB-008484399 | ||
| 035 | _a(NLR Aleph) 011136074 | ||
| 090 |
_a11596027 _c11596027 |
||
| 100 | _a20160526d2015 km y0rusy50 ca | ||
| 101 | 0 | _arus | |
| 102 | _aRU | ||
| 105 | _aach|z||||01yy | ||
| 200 | 1 |
_aИсследование и разработка новых систем зажигания вихревых запально-горелочных устройств _fЩенников К. А. |
|
| 210 |
_aСанкт-Петербург _c[б. и.] _d2015 |
||
| 215 |
_a176 с. _cил., портр., факс. _d21 |
||
| 300 | _aНа 4-й с. обл. авт.: К. А. Щенников, засл. изобретатель СССР | ||
| 320 | _aБиблиогр.: с. 176 (9 назв.) | ||
| 606 |
_aПромышленные печи _xТопки _xГорелочные устройства _92237338 _3RU\NLR\AUTH\661342646 |
||
| 675 | _a621.4 | ||
| 686 | 1 | _aЗ391.6-042.03 | |
| 700 | 1 |
_aЩенников _bК. А. _f1929- _gКоминтерн Александрович |
|
| 801 | 0 |
_aRU _bРГБ _c20160512 _gRCR |
|
| 942 | _cBOOK | ||
| 980 | _aNBR | ||